[Event "Avoine op 34th"]
[Site "Avoine"]
[Date "2019.07.20"]
[Round "1"]
[White "Arnaud, Aurelien"]
[Black "Dreyfus, Jacques"]
[Result "1-0"]
[WhiteElo "2196"]
[BlackElo "2020"]
[PlyCount "81"]
[EventDate "2019.07.20"]
[EventType "swiss"]
[EventRounds "9"]
[EventCountry "FRA"]
[SourceTitle "EXT 2020"]
[Source "ChessBase"]
[SourceDate "2019.10.17"]
[SourceVersion "1"]
[SourceVersionDate "2019.10.17"]
[SourceQuality "1"]

1. d4 d5 2. c4 e6 3. Nf3 c6 4. e3 Nf6 5. b3 Nbd7 6. Bd3 Bd6 7. Bb2 0-0 8. 0-0 Re8 9. Ne5 Nf8 10. f4 N6d7 11. Qh5 g6 12. Qh6 Qf6 13. Nd2 Qg7 14. Qh4 f6 15. Ng4 h5 16. Nf2 Qh6 17. Nh3 e5 18. dxe5 fxe5 19. Ng5 exf4 20. exf4 Re3 21. Rf3 Bc5 22. Kh1 Nb6 23. Rxe3 Bxe3 24. Nf1 Bc5 25. Re1 Bd7 26. Re2 Bg4 27. Qe1 Bxe2 28. Qxe2 d4 29. b4 Bd6 30. g3 c5 31. bxc5 Bxc5 32. Nd2 Nbd7 33. Be4 Nf6 34. Nb3 N8d7 35. Bd5+ Nxd5 36. Qe6+ Kg7 37. Qxd7+ Be7 38. cxd5 Kf8 39. Ne6+ Kf7 40. d6 Re8 41. Nc7 1-0

[Event "Coupe 2000"]
[Site "Saint Quentin"]
[Date "2019.06.29"]
[Round "1.3"]
[White "Dreyfus, Jacques"]
[Black "Pavee, Louis"]
[Result "1/2-1/2"]
[WhiteElo "2003"]
[BlackElo "1830"]
[PlyCount "99"]
[EventDate "2019.06.29"]
[EventType "team-match"]
[EventRounds "5"]
[EventCountry "FRA"]
[SourceTitle "EXT 2020"]
[Source "ChessBase"]
[SourceDate "2019.10.17"]
[SourceVersion "1"]
[SourceVersionDate "2019.10.17"]
[SourceQuality "1"]

1. e4 e6 2. d3 d5 3. Nd2 Nf6 4. g3 dxe4 5. dxe4 e5 6. Ngf3 Nc6 7. Bg2 Bc5 8. 0-0 0-0 9. Qe2 Qe7 10. Nb3 Bd6 11. h3 a5 12. a4 b6 13. Re1 Ba6 14. Qd1 Rfd8 15. c3 b5 16. Qc2 bxa4 17. Rxa4 Bb5 18. Ra1 a4 19. Nbd2 Bc5 20. Bf1 Bxf1 21. Nxf1 Qe6 22. Rxa4 Qxh3 23. Rc4 Nd7 24. b4 Qe6 25. Qe2 Bf8 26. Ng5 Qg6 27. b5 Na5 28. Ra4 Nb6 29. Ra1 Nac4 30. Rxa8 Rxa8 31. Nf3 Qd6 32. Ne3 Qc5 33. Nxc4 Nxc4 34. Rd1 Qxb5 35. Nxe5 Qxe5 36. Qxc4 Qc5 37. Qxc5 Bxc5 38. Rd5 Bd6 39. e5 Ra1 40. exd6 Rxc1+ 41. Kg2 cxd6 42. Rxd6 Kf8 43. Rc6 Ke7 44. Rc7+ Ke6 45. Kf3 g6 46. Ke3 h5 47. Kd2 Rf1 48. Ke2 Rc1 49. Kd2 Rf1 50. Ke2 1/2-1/2

[Event "Glorney Cup"]
[Site "Paisley"]
[Date "2018.07.16"]
[Round "1.5"]
[White "Dreyfus, Jacques"]
[Black "Moran, Darragh"]
[Result "1-0"]
[WhiteElo "1953"]
[BlackElo "1734"]
[PlyCount "63"]
[EventDate "2018.07.16"]
[EventType "team-tourn"]
[EventRounds "5"]
[EventCountry "SCO"]
[SourceTitle "EXT 2021"]
[Source "ChessBase"]
[SourceDate "2020.10.23"]
[SourceVersion "1"]
[SourceVersionDate "2020.10.23"]
[SourceQuality "1"]
[WhiteTeam "France U18"]
[BlackTeam "Ireland U18"]
[WhiteTeamCountry "FRA"]
[BlackTeamCountry "IRL"]

1. e4 e6 2. d3 c5 3. Nf3 Nc6 4. g3 g6 5. Bg2 Bg7 6. c3 Nge7 7. 0-0 0-0 8. Re1 e5 9. Be3 b6 10. d4 exd4 11. cxd4 d5 12. exd5 Nxd5 13. Bg5 Qd6 14. Nc3 cxd4 15. Nxd5 Qxd5 16. Ne5 Qxg2+ 17. Kxg2 Nxe5 18. Rxe5 Bb7+ 19. Kg1 Bxe5 20. Qb3 Ba6 21. Re1 Bg7 22. Bd2 Bf6 23. Bb4 Rfc8 24. Qf3 Bg7 25. Bd2 Re8 26. Re7 Rxe7 27. Qxa8+ Bf8 28. Bb4 Kg7 29. Bxe7 Bxe7 30. Qxa7 d3 31. Qxe7 d2 32. Qd6 1-0